Religion Quiz

Random Religion or Church Quiz

Most Common Pope Names Quiz Stats

 Plays Quiz Updated Aug 23, 2012

Also try: Pope or Nope?
Challenge
Share
Tweet
Embed
Score 0/20 Timer 03:00
0 Plays Today
# of Popes Name of Pope % Correct
23John
98.4%
6Paul
92.1%
15Benedict
80.5%
12Pius
63.6%
13Leo
44.2%
13Innocent
39.6%
8Urban
37.6%
16Gregory
36.9%
14Clement
28.6%
8Alexander
26.2%
# of Popes Name of Pope % Correct
10Stephen
20.7%
5Sixtus
19.3%
9Boniface
17.1%
6Adrian
13.5%
5Nicholas
12.8%
5Celestine
8.3%
4Honorius
7.6%
4Eugene
7.2%
4Sergius
5.1%
4Anastasius
5%

You're not logged in!

Compare scores with friends on all Sporcle quizzes.
Join for Free
OR
Log In

You Might Also Like...

Show Comments

Extras

Top Quizzes Today


Score Distribution

Your Account Isn't Verified!

In order to create a playlist on Sporcle, you need to verify the email address you used during registration. Go to your Sporcle Settings to finish the process.

Report this User

Report this user for behavior that violates our Community Guidelines.

Details: